Dans quel Pays joue ce club de rugby ? - Statistiques

Statistiques générales
  • Ce quiz a été pris 34 fois
  • Le résultat moyen est 4 sur 16
Statistiques - réponses
Par images Réponse % Correct
Italie
57%
France
50%
Australie
46%
Japon
36%
Pologne
36%
Angleterre
32%
Portugal
21%
Irlande
18%
Canada
14%
Nouvelle-Zélande
11%
Afrique du Sud
7%
Allemagne
7%
Pays-Bas
7%
Pays de Galles
7%
Argentine
4%
République Tchèque
4%
Aucun quiz correspondant
Distribution des résultats
% des personnes avec chaque résultat
Percentile par nombre de réponses
Votre historique - résultats
Vous n’avez pas pris ce quiz